Sports Quiz

Random Sports or World Quiz

Germany vs. Argentina: World Cup 2014 Final Quiz Stats

 Plays Quiz Updated Jul 13, 2014

Support Sporcle.
Go Orange.
Score 0/25 Timer 05:00
1 Play Today
Hint Answer % Correct
GermanyG
95.3%
GermanyBrazil (1-7)
93.7%
- 2014 World Cup Final -Brazil
93.7%
ArgentinaF
92.9%
ArgentinaLionel Messi
89.9%
ArgentinaLionel Messi (4)
89.9%
ArgentinaNetherlands (2-4 pen.)
80.7%
GermanyThomas Müller (5)
79.9%
GermanyGER
78.7%
ArgentinaARG
76.8%
- 2014 World Cup Final -20th
76.2%
GermanyMiroslav Klose (16)
73.9%
GermanyJoachim Löw
71.8%
Hint Answer % Correct
Germany1954, 1974 & 1990
70.5%
Argentina1978 & 1986
67.6%
GermanyPhilipp Lahm
65.9%
GermanyFrance (0-1)
65.2%
ArgentinaBelgium (0-1)
58.5%
- 2014 World Cup Final -Estádio do Maracanã
55.9%
- 2014 World Cup Final -13th July 2014
51.6%
ArgentinaGabriel Batistuta (10)
30.4%
GermanyDie Mannschaft/Nationalelf
25.8%
ArgentinaAlejandro Sabella
25.7%
ArgentinaLa Albiceleste
16.8%
- 2014 World Cup Final -All in one rhythm
4.1%

You're not logged in!

Compare scores with friends on all Sporcle quizzes.
OR
Log In

From the Vault

Clickable Chess Moves - Queen & Bishop

by goc3

Sometimes a real queen and bishop stand together on a checkerboard floor and chess becomes reality.
Remove Ads.
Support Sporcle.
Get the best of Sporcle when you Go Orange. This ad-free experience offers more features, more stats, and more fun while also helping to support Sporcle. Thank you for becoming a member.

Show Comments

Extras

Top Quizzes Today


Score Distribution

Your Account Isn't Verified!

In order to create a playlist on Sporcle, you need to verify the email address you used during registration. Go to your Sporcle Settings to finish the process.

Report this User

Report this user for behavior that violates our Community Guidelines.

Details: